000 00368pab a2200133 454500
008 180718b2006 xxu||||| |||| 00| 0 eng d
100 _aGuffey, Marsha Kidd
245 _aEmpowering collaborations in the hollow state
260 _c2006
300 _ap.561-75.
650 _aCollaborations
773 _aInternational Journal of Public Administration
909 _a71015
999 _c71015
_d71015